Jelšavské kasárne 100 ročné

Bibliographic Details
Main Author: Hadar, Igor (Author)
Format: Article
Language:Slovak
Subjects:

MARC

LEADER 00000nab a2200000 a 4500
001 vtls001004506
003 SK-MaSNL
005 20260303041045.0
008 040720e19970402xo 0 slo
035 |a RV5106 
040 |a RVGKPD  |b slo  |c RVGKPD  |e AACR2 
041 0 |a slo 
044 |a xo  |c SK 
080 |a 355.3(091)  |2 1981 
100 1 |a Hadar, Igor  |4 aut  |9 833594 
245 1 0 |a Jelšavské kasárne 100 ročné 
650 0 7 |a kasárne  |2 RVGKPD  |9 29949 
650 0 7 |a výročie založenia 100.  |2 RVGKPD  |9 883901 
651 7 |a Jelšava (Slovensko)  |2 RVGKPD  |9 30168 
655 7 |a periodikum  |2 snkbucl  |9 29553 
773 0 8 |t Zora Gemera  |g Roč. 5, č.13, 2.4.1997, s. 2 
852 |a ZVYKNI  |b KIS3GCP 
999 |c 1685014  |d 1686944